Top 10 des états les plus pauvres des états-unis - Statistiques

Statistiques générales
  • Ce quiz a été pris 110 fois
  • Le résultat moyen est 7 sur 10
Statistiques - réponses
Place PIB (en Dollars) Réponse % Correct
6 57 milliards Dakota du Nord
79%
4 53 milliards Dakota du Sud
78%
8 67 milliards Maine
71%
3 52 milliards Montana
71%
2 39 milliards Wyoming
70%
5 55 milliards Alaska
66%
1 34 milliards Vermont
64%
7 63 milliards Rhode Island
58%
10 78 milliards Virginie Occidentale
53%
9 75 milliards Delaware
46%
Aucun quiz correspondant
Distribution des résultats
% des personnes avec chaque résultat
Percentile par nombre de réponses
Votre historique - résultats
Vous n’avez pas pris ce quiz